[Event "Lido degli Estensi op 4th"]
[Site "Lido degli Estensi"]
[Date "2003.06.10"]
[Round "4"]
[White "Brumen, Dinko"]
[Black "Plachkinova, Tatjana Georgieva"]
[Result "0-1"]
[WhiteElo "2371"]
[BlackElo "2171"]
[PlyCount "76"]
[EventDate "2003.06.06"]
[EventType "swiss"]
[EventRounds "9"]
[EventCountry "ITA"]
[SourceTitle "CBM 094 Extra"]
[Source "ChessBase"]
[SourceDate "2003.07.09"]
[SourceVersion "2"]
[SourceVersionDate "2003.07.09"]
[SourceQuality "1"]

1. d4 Nf6 2. Nf3 c5 3. e3 b6 4. Bd3 Bb7 5. 0-0 g6 6. c4 cxd4 7. exd4 d5 8. Nc3 Bg7 9. Qa4+ Bc6 10. Qb3 0-0 11. Ne5 Bb7 12. c5 Nc6 13. Qa4 Nxe5 14. dxe5 Nd7 15. cxb6 axb6 16. Qh4 Nxe5 17. Bb1 e6 18. Bg5 Qc8 19. Bf6 Qc4 20. f4 Bxf6 21. Qxf6 Ng4 22. Qh4 Ne3 23. Re1 d4 24. Ne4 Bxe4 25. Bxe4 Rxa2 26. Rac1 Qb4 27. h3 Qxb2 28. Qg3 Ra3 29. Rb1 Qd2 30. Qg5 h5 31. h4 Nc2 32. Rbd1 Qc3 33. Re2 Ne3 34. Rd3 Qc1+ 35. Kh2 Rxd3 36. Bxd3 Nf1+ 37. Kg1 Ng3+ 38. Kf2 Nxe2 0-1